MARC

LEADER 00000nam0a2200000 4500
001 69682
005 20231031080012.0
035 |a (RuTPU)RU\TPU\book\74185 
090 |a 69682 
100 |a 20041028d1972 k y0rusy50 ca 
101 0 |a rus 
102 |a RU 
105 |a a z 001zy 
200 1 |a Магнитогидродинамический метод получения электроэнергии  |e Сборник статей  |h Вып. 3  |f Под ред. В. А. Кириллина, А. Е. Шейндлина 
210 |a Москва  |c Энергия  |d 1972 
215 |a 358 с.  |c ил. 
320 |a Библиогр. в конце статей 
610 1 |a тепловая энергия 
610 1 |a преобразование энергии 
610 1 |a электрическая энергия 
610 1 |a генераторы магнитогидродинамические 
610 1 |a магнитогидродинамические установки 
610 1 |a генераторы магнитогидродинамические 
610 1 |a электроэнергия 
610 1 |a получение 
610 1 |a методы 
610 1 |a МГД-генераторы 
610 1 |a оборудование 
610 1 |a схемы 
610 1 |a циклы 
610 1 |a исследование 
610 1 |a материалы 
675 |a 621.313.5  |v 3 
702 1 |a Кириллин  |b В. А.  |4 340 
702 1 |a Шейндлин  |b А. Е.  |4 340 
801 1 |a RU  |b 63413507  |c 20041028  |g PSBO 
801 2 |a RU  |b 63413507  |c 20230109  |g PSBO 
942 |c BK